|
|
|
|
| LEADER |
00000nab a2200000 ar4500 |
| 001 |
vtls008831308 |
| 003 |
SK-MaSNL |
| 005 |
20260303063001.0 |
| 008 |
060717c2005 xo wr|n|||||||000 b|slo |
| 015 |
|
|
|a SLLK2005
|2 sllk
|
| 038 |
|
|
|a SLLK
|
| 040 |
|
|
|a SLLK
|b slo
|c sllk
|e AACR2
|
| 041 |
0 |
|
|a slo
|
| 044 |
|
|
|a xo
|c SK
|
| 080 |
|
|
|a 394.6
|2 1997
|
| 245 |
0 |
0 |
|a Jarmoku pomohlo aj počasie-
|c Text a foto (mv)
|
| 300 |
|
|
|b Fotogr.
|
| 611 |
2 |
7 |
|a Ľubovniansky jarmok
|n (14. :
|d 2005 :
|c Stará Ľubovňa, Slovensko)
|2 snkbucl
|9 1055708
|
| 650 |
0 |
7 |
|a jarmoky
|2 snkbucl
|9 21891
|
| 651 |
|
7 |
|a Stará Ľubovňa (Slovensko)
|2 snkbucl
|9 19193
|
| 773 |
0 |
|
|t Ľubovnianske noviny
|g Roč. XXXI, č. 39 (2005) s. 1
|
| 852 |
|
|
|a SLLK
|b KIS3GCP
|
| 999 |
|
|
|c 1741268
|d 1743198
|